History Quiz

Random History Quiz

Most Evil People in History Quiz Stats

 Plays Quiz not verified by Sporcle

Support Sporcle.
Go Orange.
Score 0/15 Timer 10:00
0 Plays Today
% Correct
Adolf Hitler
89.9%
Mao Zedong
35.7%
Pol Pot
34.8%
Osama Bin Laden
30%
Nero
26.4%
Vlad the Impaler
25.1%
Ivan the Terrible
24.7%
Saddam Hussein
22.9%
% Correct
Elizabeth Bathory
6.2%
Rasputin
6.2%
Genghis Kahn
3.1%
LaLaurie
1.8%
Queen Mary I
0.9%
Mary Ann Cotton
0.9%
Franco Fransisco
0.4%

You're not logged in!

Compare scores with friends on all Sporcle quizzes.
OR
Log In

From the Vault

This Day in History: March

by History_Lover

Just don't take March too literally, unless you have a pair of comfortable shoes.
Remove Ads.
Support Sporcle.
Get the best of Sporcle when you Go Orange. This ad-free experience offers more features, more stats, and more fun while also helping to support Sporcle. Thank you for becoming a member.

Show Comments

Extras

Created Feb 25, 2012ReportNominate
Tags:Evil

Top Quizzes Today


Score Distribution

Your Account Isn't Verified!

In order to create a playlist on Sporcle, you need to verify the email address you used during registration. Go to your Sporcle Settings to finish the process.

Report this User

Report this user for behavior that violates our Community Guidelines.

Details: